| 000 | 00896nabaa22002057a 4500 | ||
|---|---|---|---|
| 999 |
_c6297 _d6297 |
||
| 003 | OSt | ||
| 005 | 20260129015549.0 | ||
| 008 | 190701b xxu||||| |||| 00| 0 spa d | ||
| 040 | _cPJ | ||
| 100 |
_96890 _aSammartino, Patricio M. E. |
||
| 245 | 1 | 0 |
_a Nulidades administrativas en la LNPA reformada / _bPatricio M. E. Sammartino. |
| 300 | _ap. 36-92 | ||
| 500 | _aCita: TR LALEY AR/DOC/810/2025 | ||
| 505 | _aSumario: I. Precisiones introductorias.— II. El régimen de la invalidez del acto administrativo. Etapas y características.— III. Conclusiones. | ||
| 505 | _t¿Te interesa el texto completo? Comunicate al correo: koha@justierradelfuego.gov.ar | ||
| 650 | 0 |
_9211 _aDERECHO ADMINISTRATIVO |
|
| 650 | 0 |
_91171 _aACTO ADMINISTRATIVO |
|
| 773 | 0 |
_02842 _93251 _dBuenos Aires : AbeledoPerrot, 2012- _oDA121 _tDerecho administrativo. Nº 159 mayo/junio 2025 _z18510590 |
|
| 942 |
_2udc _cANA |
||